Coronicón sacro-imperial de Chile.

Guardat en:
Dades bibliogràfiques
Autor principal: Ramírez, Francisco Xavier (autor)
Format: Llibre
Publicat: Santiago, Chile: Dirección de Bibliotecas Archivos y Museos; Centro de Investigaciones Diego Barros Arana, 1994.
Col·lecció:Fuente para el Estudio de la Colonia
Matèries:
Etiquetes: Afegir etiqueta
Sense etiquetes, Sigues el primer a etiquetar aquest registre!

MARC

LEADER 00000nam a2200000 a 4500
001 UCZ0395
003 CL-VaPUC
005 20220822114326.0
008 220705t1994 ||||| |||| 00| 0 eng d
999 |c 237327  |d 237325 
020 |a 956-244-031-1 
040 |c Pontificia Universidad Católica de Valparaíso 
082 0 4 |a 983 RAM 1994 
100 0 |a Ramírez, Francisco Xavier  |e autor  |9 343194 
245 1 0 |a Coronicón sacro-imperial de Chile. 
260 |a Santiago, Chile:  |b Dirección de Bibliotecas Archivos y Museos;  |b Centro de Investigaciones Diego Barros Arana,  |c 1994. 
300 |a 277 páginas. 
490 0 |a Fuente para el Estudio de la Colonia  |n  I. 
500 |a c.2 Donación Familia Prof. Alejandro Guzmán Brito. 
583 |a last modification  |c 20120903 10:30:10  |k Rodrigo Vera 
650 7 |a Iglesia colonial  |2 CL-VaPUC  |9 343195  |z Araucanía  |z Chiloé  |z Chile  |x Historia 
852 |a BIBCUR 
942 |c BK  |2 ddc  |n 0 
945 |d 19950728 00:00:00  |a rbrito 
952 |0 0  |1 0  |2 ddc  |4 0  |6 983_000000000000000_RAM_1994  |7 0  |8 A  |9 246257  |a BIBHIS  |b BIBHIS  |d 2019-11-18  |i 3114805  |o 983 RAM 1994  |p 3114805  |r 2025-01-20  |t 1  |w 2019-11-18  |y BK  |k HIS 
952 |0 0  |1 0  |2 ddc  |4 0  |6 983_000000000000000_RAM_1994  |7 1  |8 C_AGB  |9 584360  |a BIBDER  |b BIBDER  |d 2022-07-05  |e Donación  |i 5652481  |o 983 RAM 1994  |p 5652481  |r 2023-01-25  |t 2  |w 2022-07-05  |y BK_US  |k AGB